000 002980000a22000970004500
100 1 _aLinville, James R.
245 1 0 _aAmos among the dead prophets society : Re-reading the lion's roar
300 _aNúm 90 (2000), Páginas 55-77
773 0 _tJournal for the Study of the Old Testament
942 _cANA
999 _c54709
_d54709